| 000 | 00843nas a2200277 4500 | ||
|---|---|---|---|
| 001 | BR0100212 | ||
| 003 | BR-BrBNA | ||
| 005 | 20231205102041.0 | ||
| 007 | ta | ||
| 008 | 230509b bl.|||p| |||| 00| 00por d | ||
| 040 |
_aBR-BrBNA _bpor _cBiblioteca Nacional de Agricultura |
||
| 041 | _a(Pt) | ||
| 072 | _aP11; J11 | ||
| 100 | 1 | _aNantes, J.F.D. | |
| 100 | 1 | _aDurigan, J.F. | |
| 245 | 1 | _aDrenagem de agua usada no pre-resfriamento em caixas para acondicionamento, transporte e armazenamento de tomates | |
| 650 | _aTomate | ||
| 650 | _aDrenagem | ||
| 650 | _aEquipamento Agricola | ||
| 650 | _aTransporte | ||
| 650 | _aArmazenamento | ||
| 650 | _aAcondicionamento | ||
| 773 | 0 |
_tEngenharia Agricola (Brazil) _xISSN 0100-6916 _g, v. 19(1) p. 111-118 _wBR0100212 |
|
| 909 |
_a202311 _bLúcia _c55 _dLúcia Elande |
||
| 942 |
_2AGRIS _n0 _cANA |
||
| 999 |
_c165460 _d165460 |
||